Classic Thomas the Tank Engine Characters: Narrow Gauge Edition - Statistics

General Stats
  • This quiz has been taken 266 times
  • The average score is 7 of 8
Answer Stats
Hint Answer % Correct
Duncan
90%
George
89%
Sir Handel
89%
Rusty
89%
Skarloey
87%
Peter Sam
87%
Duke
87%
Rheneas
82%
No matching quizzes found
Score Distribution
Percent of People with Each Score
Percentile by Number Answered
Your Score History
You have not taken this quiz